Land and general [

Bibliographic Details
Format: Book
Subjects:

MARC

LEADER 00000cam a2200000 7i4500
001 0000022880
005 20101025.0
008 101025
040 |a INS 
090 0 0 |a VCD 1679 
245 0 0 |a Land and general [  |h video disc] 
300 |a 4 videodisc (49 min), (40 min.), (43 min.), (22 min.) :   |b sd., col. ;   |c 4 3/4 in. 
500 |a Also available in VHS format: VHS 643 
650 0 0 |a Valuation 
999 |a VCD0001679   |b VIDEO CD   |c Media Collection   |e Default branch